000 01154cam a2200265 i 4500
001 2499
005 20240108094228.0
020 _a9780531220788
040 _aDLC
_beng
_cDLC
_erda
_dDLC
050 0 0 _aHV6773.M366
082 0 0 _a364.16
100 1 _aMara, Wil
245 1 0 _aCybercriminals /
_cWil Mara
260 _aNew York :
_bScholastic,
_c2016
300 _a48 unnumbered page :
_c22 cm
_bColor illustrations ;
490 0 _aA true book
505 _aZ
520 _aThe Internet offers a huge range of incredible benefits to its users. Unfortunately, it also provides criminals with a whole new way to lie, steal, and cheat from behind the safety of a computer screen. Readers will find out how these cutting-edge criminals hack into bank accounts, steal information, and much more while remaining a step ahead of the authorities. They will also learn how to protect themselves from cybercrime and use the Internet safely.
521 _a900
_bLexile
521 _aZ
_bRaz-Plus
650 0 _aComputer crimes.
650 0 _aInternet
_xSafety measures.
906 _a7
_bcbc
_corignew
_d1
_eecip
_f20
_gy-gencatlg
942 _2ddc
_cBK
_n0
999 _c2499
_d2499